[Event "DVM U10 2023"]
[Site "Magdeburg GER"]
[Date "2023.12.29"]
[Round "6"]
[White "Poladli, Firuz"]
[Black "Döscher, Nayla"]
[Result "0-1"]
[Termination "normal"]
[Board "14.2"]
[WhiteElo "1030"]
[BlackElo "1263"]
[WhiteClock "00:00:10"]
[BlackClock "00:13:00"]
[WhiteTeam "SV Dresden-Leuben"]
[BlackTeam "SK Bremen-Nord"]
[PlyCount "118"]
[BlackFideId "34625046"]
[EventCountry "GER"]
[EventRounds "7"]
[EventType "team-swiss"]
[EventDate "2023.12.27"]

1. e4 {[%clk 00:55:09]} {[%emt 00:00:01]} e5 {[%clk 00:55:05]} {[%emt
00:00:05]} 2. Nf3 {[%emt 00:00:06]} Nc6 {[%clk 00:55:03]} {[%emt 00:00:06]} 3.
Bc4 {[%emt 00:00:07]} h6 {[%emt 00:00:23]} 4. d3 {[%clk 00:54:58]} Nf6 {[%emt
00:00:26]} 5. Be3 {[%emt 00:00:47]} d6 {[%emt 00:00:21]} 6. Nc3 {[%emt
00:00:11]} Bg4 {[%emt 00:00:36]} 7. h3 {[%clk 00:54:14]} {[%emt 00:00:06]} Bh5
{[%clk 00:53:42]} {[%emt 00:00:07]} 8. g4 {[%emt 00:00:15]} Bg6 {[%emt
00:00:28]} 9. Qd2 {[%emt 00:01:07]} Qd7 {[%clk 00:52:31]} {[%emt 00:00:03]} 10.
O-O-O {[%emt 00:00:21]} O-O-O {[%emt 00:00:10]} 11. Bb5 {[%clk 00:53:00]}
{[%emt 00:00:47]} a6 {[%clk 00:51:18]} {[%emt 00:01:07]} 12. Ba4 {[%clk
00:52:58]} {[%emt 00:00:07]} b5 {[%clk 00:46:15]} {[%emt 00:05:08]} 13. Nxb5
{[%clk 00:52:09]} {[%emt 00:00:54]} axb5 {[%clk 00:45:23]} {[%emt 00:00:57]}
14. Bxb5 {[%clk 00:51:54]} {[%emt 00:00:20]} Kb7 {[%clk 00:43:04]} {[%emt
00:02:24]} 15. Qc3 {[%clk 00:51:27]} {[%emt 00:00:30]} Ra8 {[%clk 00:41:05]}
{[%emt 00:01:58]} 16. a3 {[%clk 00:51:17]} {[%emt 00:00:23]} Ra5 {[%clk
00:39:12]} {[%emt 00:01:57]} 17. Bxc6+ {[%clk 00:48:31]} {[%emt 00:02:52]} Qxc6
{[%clk 00:38:47]} {[%emt 00:00:29]} 18. Qxa5 {[%clk 00:48:25]} {[%emt
00:00:10]} Kc8 {[%clk 00:37:26]} {[%emt 00:01:28]} 19. Kd2 {[%clk 00:47:16]}
{[%emt 00:01:13]} Nd7 {[%clk 00:36:04]} {[%emt 00:01:28]} 20. Qc3 {[%clk
00:46:49]} {[%emt 00:00:30]} Qxc3+ {[%clk 00:35:11]} {[%emt 00:01:00]} 21. Kxc3
{[%clk 00:46:32]} {[%emt 00:00:21]} f6 {[%clk 00:34:10]} {[%emt 00:01:07]} 22.
Ra1 {[%clk 00:45:48]} {[%emt 00:00:48]} Bf7 {[%clk 00:33:28]} {[%emt 00:00:48]}
23. Rhb1 {[%clk 00:45:09]} {[%emt 00:00:42]} d5 {[%clk 00:33:08]} {[%emt
00:00:27]} 24. exd5 {[%clk 00:44:44]} {[%emt 00:00:29]} Bxd5 {[%clk 00:33:03]}
{[%emt 00:00:11]} 25. Nd2 {[%clk 00:44:14]} {[%emt 00:00:35]} Nb6 {[%clk
00:31:48]} {[%emt 00:01:20]} 26. a4 {[%clk 00:43:39]} {[%emt 00:00:41]} Kb7
{[%clk 00:31:27]} {[%emt 00:00:26]} 27. b4 {[%clk 00:42:57]} {[%emt 00:00:46]}
Be7 {[%clk 00:30:52]} {[%emt 00:00:40]} 28. a5 {[%clk 00:42:43]} {[%emt
00:00:19]} Nd7 {[%clk 00:30:39]} {[%emt 00:00:18]} 29. a6+ {[%clk 00:40:59]}
{[%emt 00:01:49]} Kc6 {[%clk 00:29:48]} {[%emt 00:00:56]} 30. b5+ {[%clk
00:40:23]} {[%emt 00:00:41]} Kd6 {[%clk 00:29:35]} {[%emt 00:00:18]} 31. Nc4+
{[%clk 00:39:53]} {[%emt 00:00:35]} Ke6 {[%clk 00:29:10]} {[%emt 00:00:30]} 32.
b6 {[%clk 00:39:16]} {[%emt 00:00:43]} cxb6 {[%clk 00:27:51]} {[%emt 00:01:24]}
33. Nxb6 {[%clk 00:38:37]} {[%emt 00:00:41]} Nxb6 {[%clk 00:26:55]} {[%emt
00:01:03]} 34. Rxb6+ {[%clk 00:38:05]} {[%emt 00:00:35]} Kf7 {[%clk 00:26:46]}
{[%emt 00:00:16]} 35. Kd2 {[%clk 00:35:52]} {[%emt 00:02:17]} Kg6 {[%clk
00:25:12]} {[%emt 00:01:39]} 36. h4 {[%clk 00:35:10]} {[%emt 00:00:48]} h5
{[%clk 00:24:46]} {[%emt 00:00:32]} 37. g5 {[%clk 00:34:50]} {[%emt 00:00:24]}
Kf5 {[%clk 00:24:05]} {[%emt 00:02:08]} 38. c4 {[%clk 00:33:33]} {[%emt
00:00:52]} Bf3 {[%clk 00:23:23]} {[%emt 00:00:46]} 39. gxf6 {[%clk 00:32:49]}
{[%emt 00:00:49]} Bxf6 {[%clk 00:22:47]} {[%emt 00:00:41]} 40. c5 {[%clk
00:32:14]} {[%emt 00:00:39]} Bxh4 {[%clk 00:22:17]} {[%emt 00:00:35]} 41. c6
{[%clk 00:32:13]} {[%emt 00:00:07]} Bd8 {[%clk 00:21:39]} {[%emt 00:00:43]} 42.
Rb8 {[%clk 00:30:32]} {[%emt 00:01:44]} Bxc6 {[%clk 00:21:21]} {[%emt
00:00:25]} 43. Bb6 {[%clk 00:30:08]} {[%emt 00:00:29]} Bg5+ {[%clk 00:21:04]}
{[%emt 00:00:21]} 44. Ke2 {[%clk 00:29:40]} {[%emt 00:00:33]} Rxb8 {[%clk
00:21:04]} {[%emt 00:00:06]} 45. Bc5 {[%clk 00:27:29]} {[%emt 00:02:16]} h4
{[%clk 00:20:34]} {[%emt 00:00:35]} 46. a7 {[%clk 00:26:01]} {[%emt 00:01:33]}
Rh8 {[%clk 00:20:12]} {[%emt 00:00:27]} 47. d4 {[%clk 00:24:33]} {[%emt
00:01:34]} h3 {[%clk 00:19:28]} {[%emt 00:00:48]} 48. dxe5 {[%clk 00:23:54]}
{[%emt 00:00:44]} Kxe5 {[%clk 00:19:22]} {[%emt 00:00:11]} 49. Ra5 {[%clk
00:22:07]} {[%emt 00:01:49]} Ke4 {[%clk 00:18:25]} {[%emt 00:01:04]} 50. f3+
{[%clk 00:20:36]} {[%emt 00:01:36]} Kf5 {[%clk 00:17:39]} {[%emt 00:00:52]} 51.
Bg1+ {[%clk 00:16:32]} {[%emt 00:04:09]} Kf6 {[%clk 00:16:19]} {[%emt
00:01:23]} 52. Bd4+ {[%clk 00:14:22]} {[%emt 00:02:16]} Kg6 {[%clk 00:15:52]}
{[%emt 00:00:33]} 53. Ra6 {[%clk 00:12:51]} {[%emt 00:01:35]} h2 {[%clk
00:15:21]} {[%emt 00:00:38]} 54. Rxc6+ {[%clk 00:12:23]} {[%emt 00:00:34]} Kh5
{[%clk 00:14:52]} {[%emt 00:00:32]} 55. Rb6 {[%clk 00:04:04]} {[%emt 00:08:25]}
h1=Q {[%clk 00:14:20]} {[%emt 00:00:38]} 56. Rb2 {[%clk 00:00:58]} {[%emt
00:03:07]} Re8+ {[%emt 00:00:54]} 57. Kd3 {[%clk 00:00:38]} Qxf3+ {[%clk
00:13:52]} {[%emt 00:00:12]} 58. Kc4 {[%clk 00:00:35]} {[%emt 00:00:06]} Rc8+
{[%clk 00:13:36]} {[%emt 00:00:21]} 59. Bc5 {[%clk 00:00:10]} {[%emt 00:00:32]}
Qe4+ {[%clk 00:13:00]} {[%emt 00:00:36]} 0-1

[Event "DVM U10 2023"]
[Site "Magdeburg GER"]
[Date "2023.12.29"]
[Round "6"]
[White "Szymaniak, Josh"]
[Black "Karpowitz, Luc"]
[Result "0-1"]
[Termination "normal"]
[Board "14.3"]
[WhiteElo "775"]
[BlackElo "1061"]
[WhiteClock "00:46:26"]
[BlackClock "00:38:09"]
[WhiteTeam "SK Bremen-Nord"]
[BlackTeam "SV Dresden-Leuben"]
[PlyCount "52"]
[EventCountry "GER"]
[EventRounds "7"]
[EventType "team-swiss"]
[EventDate "2023.12.27"]

1. e4 {[%clk 00:55:09]} e5 {[%clk 00:55:04]} {[%emt 00:00:06]} 2. Nf3 {[%clk
00:55:11]} {[%emt 00:00:03]} Nc6 {[%clk 00:54:54]} {[%emt 00:00:14]} 3. Nc3
{[%clk 00:55:11]} {[%emt 00:00:06]} a6 {[%clk 00:54:26]} {[%emt 00:00:33]} 4.
Be2 {[%clk 00:55:01]} {[%emt 00:00:15]} Bc5 {[%clk 00:54:14]} {[%emt 00:00:17]}
5. Nxe5 {[%clk 00:54:58]} {[%emt 00:00:08]} Nxe5 {[%clk 00:54:03]} {[%emt
00:00:16]} 6. d4 {[%clk 00:54:57]} {[%emt 00:00:06]} Bxd4 {[%clk 00:52:24]}
{[%emt 00:01:44]} 7. Qxd4 {[%clk 00:54:54]} {[%emt 00:00:08]} d6 {[%clk
00:51:52]} {[%emt 00:00:37]} 8. O-O {[%clk 00:54:30]} {[%emt 00:00:29]} c5
{[%clk 00:51:25]} {[%emt 00:00:33]} 9. Qd1 {[%clk 00:54:24]} {[%emt 00:00:10]}
Qf6 {[%clk 00:49:57]} {[%emt 00:01:33]} 10. Nd5 {[%clk 00:54:07]} {[%emt
00:00:21]} Qd8 {[%clk 00:49:24]} {[%emt 00:00:36]} 11. Bf4 {[%clk 00:53:54]}
{[%emt 00:00:20]} Ng6 {[%clk 00:48:45]} {[%emt 00:00:45]} 12. Bg3 {[%clk
00:53:21]} {[%emt 00:00:33]} Nf6 {[%clk 00:46:02]} {[%emt 00:02:53]} 13. Nxf6+
{[%clk 00:53:01]} {[%emt 00:00:25]} Qxf6 {[%clk 00:45:41]} {[%emt 00:00:26]}
14. Bxd6 {[%clk 00:52:19]} {[%emt 00:00:47]} Qg5 {[%clk 00:45:15]} {[%emt
00:00:29]} 15. Bg3 {[%clk 00:52:03]} {[%emt 00:00:22]} O-O {[%clk 00:44:28]}
{[%emt 00:00:53]} 16. Qd5 {[%clk 00:51:45]} {[%emt 00:00:23]} Qe7 {[%clk
00:43:26]} {[%emt 00:01:04]} 17. Bh5 {[%clk 00:51:26]} {[%emt 00:00:25]} Rd8
{[%clk 00:43:15]} {[%emt 00:00:18]} 18. Qc4 {[%clk 00:50:28]} {[%emt 00:00:58]}
Rd4 {[%clk 00:43:08]} {[%emt 00:00:17]} 19. Qc3 {[%clk 00:49:55]} {[%emt
00:00:37]} Rxe4 {[%clk 00:42:15]} {[%emt 00:01:00]} 20. Bxg6 {[%clk 00:49:47]}
{[%emt 00:00:12]} hxg6 {[%clk 00:42:04]} {[%emt 00:00:16]} 21. Rad1 {[%clk
00:49:05]} {[%emt 00:00:47]} Bg4 {[%clk 00:40:43]} {[%emt 00:01:27]} 22. Rde1
{[%clk 00:48:50]} {[%emt 00:00:19]} Be2 {[%clk 00:40:34]} {[%emt 00:00:14]} 23.
Rxe2 {[%clk 00:48:23]} {[%emt 00:00:32]} Rxe2 {[%clk 00:40:31]} {[%emt
00:00:08]} 24. h3 {[%clk 00:47:49]} {[%emt 00:00:38]} Re8 {[%clk 00:39:46]}
{[%emt 00:00:50]} 25. f3 {[%clk 00:46:58]} {[%emt 00:00:58]} Qg5 {[%clk
00:39:25]} {[%emt 00:00:25]} 26. Bh2 {[%clk 00:46:26]} {[%emt 00:00:34]} Qxg2#
{[%clk 00:38:09]} {[%emt 00:01:23]} 0-1

[Event "DVM U10 2023"]
[Site "Magdeburg GER"]
[Date "2023.12.29"]
[Round "6"]
[White "Mattar, Lukas"]
[Black "Pflug, Johan"]
[Result "1-0"]
[Termination "normal"]
[Board "15.1"]
[WhiteElo "1395"]
[BlackElo "980"]
[WhiteClock "00:21:56"]
[BlackClock "00:04:08"]
[WhiteTeam "SK 1926 Ettlingen"]
[BlackTeam "Schachzwerge Magdeburg"]
[PlyCount "131"]
[WhiteFideId "34685898"]
[EventCountry "GER"]
[EventRounds "7"]
[EventType "team-swiss"]
[EventDate "2023.12.27"]

1. d4 {[%clk 00:55:10]} {[%emt 00:25:49]} d5 {[%clk 00:55:04]} {[%emt
00:00:07]} 2. c4 {[%clk 00:55:11]} {[%emt 00:00:03]} e6 {[%clk 00:55:05]}
{[%emt 00:00:04]} 3. cxd5 {[%clk 00:55:13]} {[%emt 00:00:03]} exd5 {[%clk
00:53:33]} {[%emt 00:01:37]} 4. Nc3 {[%clk 00:55:10]} {[%emt 00:00:08]} Nf6
{[%clk 00:53:29]} {[%emt 00:00:09]} 5. Bg5 {[%clk 00:55:09]} {[%emt 00:00:06]}
Be7 {[%clk 00:53:28]} {[%emt 00:00:06]} 6. e3 {[%clk 00:55:08]} {[%emt
00:00:06]} O-O {[%clk 00:53:16]} {[%emt 00:00:17]} 7. Bd3 {[%clk 00:55:08]}
{[%emt 00:00:06]} b6 {[%clk 00:52:58]} {[%emt 00:00:23]} 8. Nf3 {[%emt
00:00:11]} Nbd7 {[%clk 00:52:24]} {[%emt 00:00:33]} 9. O-O {[%clk 00:54:57]}
{[%emt 00:00:15]} c5 {[%clk 00:51:53]} {[%emt 00:00:36]} 10. Rc1 {[%clk
00:54:23]} {[%emt 00:00:40]} Bb7 {[%clk 00:50:56]} {[%emt 00:01:01]} 11. Re1
{[%clk 00:53:23]} {[%emt 00:01:05]} Rc8 {[%clk 00:47:46]} {[%emt 00:03:14]} 12.
h3 {[%clk 00:52:29]} {[%emt 00:01:00]} h6 {[%clk 00:46:42]} {[%emt 00:01:08]}
13. Bh4 {[%clk 00:52:18]} {[%emt 00:00:17]} Ne4 {[%clk 00:45:56]} {[%emt
00:00:51]} 14. Bxe7 {[%clk 00:51:51]} {[%emt 00:00:32]} Qxe7 {[%clk 00:45:53]}
{[%emt 00:00:07]} 15. Nd2 {[%clk 00:51:03]} {[%emt 00:00:54]} Rfd8 {[%clk
00:44:08]} {[%emt 00:01:50]} 16. Ndxe4 {[%clk 00:49:46]} {[%emt 00:01:21]} dxe4
{[%clk 00:44:08]} {[%emt 00:00:06]} 17. Bc2 {[%clk 00:49:04]} {[%emt 00:00:47]}
a6 {[%clk 00:30:10]} {[%emt 00:14:03]} 18. Ne2 {[%clk 00:47:03]} {[%emt
00:02:06]} Rc7 {[%clk 00:25:19]} {[%emt 00:04:57]} 19. a3 {[%clk 00:41:59]}
{[%emt 00:05:09]} Rdc8 {[%clk 00:25:01]} {[%emt 00:00:21]} 20. Kh1 {[%clk
00:41:17]} {[%emt 00:00:48]} b5 {[%clk 00:22:35]} {[%emt 00:02:31]} 21. Qd2
{[%clk 00:39:18]} {[%emt 00:02:04]} Nb6 {[%clk 00:22:05]} {[%emt 00:00:36]} 22.
Bb3 {[%clk 00:37:11]} {[%emt 00:02:12]} c4 {[%clk 00:16:03]} {[%emt 00:06:06]}
23. Bc2 {[%clk 00:35:53]} {[%emt 00:01:22]} Ra8 {[%clk 00:14:22]} {[%emt
00:01:47]} 24. Ng3 {[%clk 00:34:03]} {[%emt 00:01:55]} a5 {[%clk 00:12:13]}
{[%emt 00:02:14]} 25. Ra1 {[%clk 00:32:36]} {[%emt 00:01:32]} b4 {[%clk
00:11:59]} {[%emt 00:00:19]} 26. axb4 {[%clk 00:32:27]} {[%emt 00:00:14]} axb4
{[%clk 00:11:50]} {[%emt 00:00:14]} 27. Rxa8+ {[%clk 00:32:24]} {[%emt
00:00:08]} Bxa8 {[%emt 00:00:14]} 28. Nf5 {[%clk 00:31:29]} {[%emt 00:00:57]}
Qf8 {[%clk 00:11:12]} {[%emt 00:00:37]} 29. Ra1 {[%clk 00:30:39]} {[%emt
00:00:55]} c3 {[%clk 00:10:39]} {[%emt 00:00:38]} 30. bxc3 {[%clk 00:30:14]}
{[%emt 00:00:30]} bxc3 {[%clk 00:10:38]} {[%emt 00:00:06]} 31. Qe1 {[%clk
00:29:50]} {[%emt 00:00:29]} Bb7 {[%clk 00:10:08]} {[%emt 00:00:35]} 32. Ng3
{[%clk 00:28:41]} {[%emt 00:01:14]} Qe7 {[%clk 00:09:03]} {[%emt 00:01:10]} 33.
Ne2 {[%clk 00:28:06]} {[%emt 00:00:40]} Nd5 {[%clk 00:08:41]} {[%emt 00:00:27]}
34. Rc1 {[%clk 00:27:20]} {[%emt 00:00:51]} Rc8 {[%clk 00:06:44]} {[%emt
00:02:02]} 35. Bb3 {[%clk 00:26:44]} {[%emt 00:00:40]} Qd7 {[%clk 00:05:14]}
{[%emt 00:01:37]} 36. Nxc3 {[%clk 00:25:49]} {[%emt 00:01:00]} Nxc3 {[%clk
00:05:07]} {[%emt 00:00:11]} 37. Rxc3 {[%clk 00:25:47]} {[%emt 00:00:07]} Rxc3
{[%clk 00:04:50]} {[%emt 00:00:21]} 38. Qxc3 {[%clk 00:25:47]} {[%emt
00:00:06]} Qc6 {[%clk 00:04:34]} {[%emt 00:00:21]} 39. Qxc6 {[%clk 00:25:46]}
{[%emt 00:00:06]} Bxc6 {[%clk 00:04:38]} {[%emt 00:00:01]} 40. Bc2 {[%clk
00:25:40]} {[%emt 00:00:11]} g5 {[%clk 00:04:30]} {[%emt 00:00:13]} 41. Kh2
{[%clk 00:25:35]} {[%emt 00:00:10]} Kg7 {[%clk 00:04:34]} 42. Kg3 {[%clk
00:25:25]} {[%emt 00:00:15]} Kg6 {[%clk 00:04:31]} {[%emt 00:00:08]} 43. f4
{[%clk 00:25:17]} {[%emt 00:00:13]} gxf4+ {[%clk 00:03:54]} {[%emt 00:00:42]}
44. Kxf4 {[%clk 00:25:14]} {[%emt 00:00:07]} f5 {[%clk 00:03:53]} {[%emt
00:00:06]} 45. g4 {[%clk 00:25:11]} {[%emt 00:00:08]} fxg4 {[%clk 00:03:43]}
{[%emt 00:00:16]} 46. hxg4 {[%clk 00:25:10]} {[%emt 00:00:06]} Kf6 {[%clk
00:03:38]} {[%emt 00:00:10]} 47. Bxe4 {[%clk 00:25:06]} {[%emt 00:00:10]} Bxe4
{[%clk 00:03:41]} {[%emt 00:00:01]} 48. Kxe4 {[%clk 00:25:03]} {[%emt
00:00:08]} Kg5 {[%clk 00:03:39]} {[%emt 00:00:08]} 49. Kf3 {[%clk 00:25:02]}
{[%emt 00:00:06]} h5 {[%clk 00:03:39]} {[%emt 00:00:04]} 50. gxh5 {[%clk
00:24:57]} {[%emt 00:00:10]} Kxh5 {[%clk 00:03:43]} {[%emt 00:00:01]} 51. Kf4
{[%clk 00:24:50]} {[%emt 00:00:13]} Kg6 {[%clk 00:03:46]} {[%emt 00:00:01]} 52.
e4 {[%clk 00:24:36]} {[%emt 00:00:20]} Kf6 {[%clk 00:03:44]} {[%emt 00:00:06]}
53. e5+ {[%clk 00:24:34]} {[%emt 00:00:07]} Ke6 {[%clk 00:03:46]} {[%emt
00:00:03]} 54. Ke4 {[%clk 00:24:34]} {[%emt 00:00:05]} Ke7 {[%clk 00:03:44]}
{[%emt 00:00:07]} 55. d5 {[%clk 00:24:28]} {[%emt 00:00:11]} Kd7 {[%clk
00:03:47]} {[%emt 00:00:02]} 56. Kf5 {[%clk 00:24:26]} {[%emt 00:00:08]} Ke7
{[%clk 00:03:50]} {[%emt 00:00:02]} 57. d6+ {[%clk 00:24:17]} {[%emt 00:00:14]}
Kd7 {[%clk 00:03:50]} {[%emt 00:00:04]} 58. Kf6 {[%clk 00:24:17]} {[%emt
00:00:06]} Ke8 {[%clk 00:03:53]} {[%emt 00:00:02]} 59. Ke6 {[%clk 00:24:04]}
{[%emt 00:00:17]} Kd8 {[%clk 00:03:57]} {[%emt 00:00:01]} 60. Kf7 {[%clk
00:23:56]} {[%emt 00:00:14]} Kd7 {[%clk 00:03:58]} {[%emt 00:00:03]} 61. Kf6
{[%clk 00:22:34]} {[%emt 00:01:32]} Ke8 {[%clk 00:04:01]} {[%emt 00:00:03]} 62.
e6 {[%clk 00:22:31]} {[%emt 00:00:08]} Kf8 {[%clk 00:04:02]} {[%emt 00:00:03]}
63. d7 {[%clk 00:22:29]} {[%emt 00:00:07]} Kg8 {[%clk 00:04:04]} {[%emt
00:00:03]} 64. e7 {[%clk 00:22:08]} {[%emt 00:00:26]} Kh7 {[%clk 00:04:06]}
{[%emt 00:00:02]} 65. d8=Q {[%clk 00:22:05]} {[%emt 00:00:09]} Kh6 {[%clk
00:04:08]} {[%emt 00:00:03]} 66. Qh8 {[%clk 00:21:56]} {[%emt 00:00:09]} 1-0

[Event "DVM U10 2023"]
[Site "Magdeburg GER"]
[Date "2023.12.29"]
[Round "6"]
[White "Dornheim, Georg Wilhelm"]
[Black "Zhang, Jiahao"]
[Result "1-0"]
[Termination "normal"]
[Board "15.2"]
[WhiteElo "1025"]
[BlackElo "1156"]
[WhiteClock "00:11:08"]
[BlackClock "00:33:26"]
[WhiteTeam "Schachzwerge Magdeburg"]
[BlackTeam "SK 1926 Ettlingen"]
[PlyCount "135"]
[WhiteFideId "34645438"]
[BlackFideId "34686550"]
[EventCountry "GER"]
[EventRounds "7"]
[EventType "team-swiss"]
[EventDate "2023.12.27"]

1. e4 {[%clk 00:55:07]} {[%emt 00:00:02]} e5 {[%clk 00:55:04]} {[%emt
00:00:06]} 2. Nf3 {[%clk 00:55:04]} {[%emt 00:00:07]} Nc6 {[%clk 00:55:03]}
{[%emt 00:00:08]} 3. d4 {[%clk 00:55:00]} {[%emt 00:00:09]} exd4 {[%clk
00:54:57]} {[%emt 00:00:11]} 4. Nxd4 {[%clk 00:54:56]} {[%emt 00:00:08]} Nf6
{[%clk 00:54:55]} {[%emt 00:00:08]} 5. Nxc6 {[%clk 00:54:42]} {[%emt 00:00:19]}
bxc6 {[%clk 00:54:51]} {[%emt 00:00:09]} 6. Bd3 {[%clk 00:54:32]} {[%emt
00:00:14]} h6 {[%clk 00:54:34]} {[%emt 00:00:23]} 7. O-O {[%clk 00:54:14]}
{[%emt 00:00:22]} Bc5 {[%clk 00:54:26]} {[%emt 00:00:13]} 8. Nc3 {[%clk
00:53:05]} {[%emt 00:01:14]} O-O {[%clk 00:54:25]} {[%emt 00:00:06]} 9. Kh1
{[%clk 00:52:39]} {[%emt 00:00:30]} d5 {[%clk 00:54:04]} {[%emt 00:00:28]} 10.
e5 {[%clk 00:48:29]} {[%emt 00:04:14]} Ng4 {[%clk 00:53:42]} {[%emt 00:00:27]}
11. Qe2 {[%clk 00:44:43]} {[%emt 00:03:50]} Qh4 {[%clk 00:52:43]} {[%emt
00:01:06]} 12. h3 {[%clk 00:43:39]} {[%emt 00:01:07]} Nxf2+ {[%clk 00:52:30]}
{[%emt 00:00:20]} 13. Kh2 {[%clk 00:41:54]} {[%emt 00:01:49]} Nxh3 {[%clk
00:51:37]} {[%emt 00:00:58]} 14. g3 {[%clk 00:39:11]} {[%emt 00:02:48]} Nf4+
{[%emt 00:00:15]} 15. gxh4 {[%emt 00:00:46]} Nxe2 {[%clk 00:50:19]} {[%emt
00:00:23]} 16. Bxe2 {[%clk 00:38:30]} {[%emt 00:00:46]} Be6 {[%clk 00:49:28]}
{[%emt 00:00:56]} 17. Rf4 {[%clk 00:35:30]} {[%emt 00:03:04]} f6 {[%clk
00:48:52]} {[%emt 00:00:42]} 18. exf6 {[%clk 00:34:17]} {[%emt 00:01:18]} Bd6
{[%clk 00:48:42]} {[%emt 00:00:16]} 19. Kh1 {[%clk 00:29:11]} {[%emt 00:05:10]}
Bxf4 {[%clk 00:48:17]} {[%emt 00:00:30]} 20. Bxf4 {[%clk 00:29:03]} {[%emt
00:00:13]} Rxf6 {[%clk 00:48:04]} {[%emt 00:00:17]} 21. Bxc7 {[%clk 00:28:31]}
{[%emt 00:00:37]} d4 {[%clk 00:46:29]} {[%emt 00:01:40]} 22. Be5 {[%clk
00:24:39]} {[%emt 00:03:58]} Rf5 {[%clk 00:46:07]} {[%emt 00:00:27]} 23. Bxd4
{[%clk 00:23:51]} {[%emt 00:00:52]} c5 {[%clk 00:44:10]} {[%emt 00:02:04]} 24.
Bg4 {[%clk 00:22:46]} {[%emt 00:01:08]} Bd5+ {[%clk 00:43:52]} {[%emt
00:00:23]} 25. Nxd5 {[%clk 00:21:53]} {[%emt 00:00:58]} Rxd5 {[%clk 00:43:18]}
{[%emt 00:00:40]} 26. Be6+ {[%clk 00:21:42]} {[%emt 00:00:16]} Kh8 {[%clk
00:43:11]} {[%emt 00:00:12]} 27. Bxd5 {[%clk 00:21:42]} {[%emt 00:00:04]} Rd8
{[%clk 00:43:10]} {[%emt 00:00:07]} 28. Bxc5 {[%clk 00:20:44]} {[%emt
00:01:04]} Rxd5 {[%clk 00:42:57]} {[%emt 00:00:17]} 29. Bxa7 {[%clk 00:20:27]}
{[%emt 00:00:21]} Rh5 {[%clk 00:42:43]} {[%emt 00:00:19]} 30. a4 {[%clk
00:19:43]} {[%emt 00:00:50]} Rxh4+ {[%clk 00:42:40]} {[%emt 00:00:07]} 31. Kg2
{[%clk 00:19:34]} {[%emt 00:00:15]} Rc4 {[%clk 00:42:22]} {[%emt 00:00:22]} 32.
a5 {[%clk 00:18:47]} {[%emt 00:00:53]} Rxc2+ {[%clk 00:42:23]} {[%emt
00:00:04]} 33. Bf2 {[%clk 00:18:24]} {[%emt 00:00:27]} Rxb2 {[%clk 00:42:15]}
{[%emt 00:00:13]} 34. a6 {[%clk 00:18:09]} {[%emt 00:00:21]} Rb8 {[%clk
00:42:15]} {[%emt 00:00:05]} 35. a7 {[%clk 00:18:00]} {[%emt 00:00:15]} Ra8
{[%clk 00:42:15]} {[%emt 00:00:04]} 36. Rb1 {[%clk 00:17:53]} {[%emt 00:00:11]}
Kh7 {[%clk 00:41:57]} {[%emt 00:00:23]} 37. Rb8 {[%clk 00:16:35]} {[%emt
00:01:25]} Rxa7 {[%clk 00:41:57]} {[%emt 00:00:04]} 38. Bxa7 {[%clk 00:16:30]}
{[%emt 00:00:10]} Kg6 {[%clk 00:41:54]} {[%emt 00:00:08]} 39. Kg3 {[%clk
00:16:28]} {[%emt 00:00:07]} h5 {[%clk 00:41:42]} {[%emt 00:00:15]} 40. Kh4
{[%clk 00:16:07]} {[%emt 00:00:28]} Kf5 {[%clk 00:40:43]} {[%emt 00:01:04]} 41.
Kxh5 {[%clk 00:15:48]} {[%emt 00:00:23]} g6 {[%clk 00:40:29]} {[%emt 00:00:20]}
42. Kh6 {[%clk 00:15:16]} {[%emt 00:00:36]} g5 {[%clk 00:40:14]} {[%emt
00:00:20]} 43. Rg8 {[%clk 00:15:13]} {[%emt 00:00:09]} Ke4 {[%clk 00:39:15]}
{[%emt 00:01:04]} 44. Be3 {[%clk 00:14:53]} {[%emt 00:00:25]} Kxe3 {[%clk
00:39:04]} {[%emt 00:00:16]} 45. Rxg5 {[%clk 00:14:51]} {[%emt 00:00:07]} Kd4
{[%clk 00:38:48]} {[%emt 00:00:20]} 46. Kg6 {[%clk 00:14:33]} {[%emt 00:00:23]}
Kc4 {[%clk 00:38:13]} {[%emt 00:00:40]} 47. Kf6 {[%clk 00:14:28]} {[%emt
00:00:10]} Kb4 {[%clk 00:37:25]} {[%emt 00:00:54]} 48. Rd5 {[%clk 00:14:24]}
{[%emt 00:00:08]} Kc4 {[%clk 00:37:19]} {[%emt 00:00:11]} 49. Ke6 {[%clk
00:14:24]} {[%emt 00:00:05]} Kc3 {[%clk 00:37:13]} {[%emt 00:00:11]} 50. Ke5
{[%clk 00:14:06]} {[%emt 00:00:23]} Kc4 {[%clk 00:36:02]} {[%emt 00:01:17]} 51.
Ke4 {[%clk 00:13:52]} {[%emt 00:00:18]} Kc3 {[%clk 00:35:56]} {[%emt 00:00:12]}
52. Rd4 {[%clk 00:13:18]} {[%emt 00:00:39]} Kb3 {[%clk 00:35:36]} {[%emt
00:00:25]} 53. Kd3 {[%clk 00:13:08]} {[%emt 00:00:13]} Kb2 {[%clk 00:35:15]}
{[%emt 00:00:28]} 54. Rc4 {[%clk 00:12:24]} {[%emt 00:00:48]} Kb3 {[%clk
00:34:51]} {[%emt 00:00:29]} 55. Rc1 {[%clk 00:12:02]} {[%emt 00:00:24]} Kb4
{[%clk 00:34:39]} {[%emt 00:00:20]} 56. Rc8 {[%clk 00:11:38]} {[%emt 00:00:30]}
Kb5 {[%clk 00:34:10]} {[%emt 00:00:34]} 57. Kd4 {[%clk 00:11:26]} {[%emt
00:00:16]} Kb6 {[%clk 00:33:58]} {[%emt 00:00:17]} 58. Kd5 {[%clk 00:11:28]}
{[%emt 00:00:04]} Kb7 {[%clk 00:33:56]} {[%emt 00:00:07]} 59. Rc1 {[%clk
00:11:30]} {[%emt 00:00:03]} Kb6 {[%clk 00:33:37]} {[%emt 00:00:24]} 60. Rc2
{[%clk 00:11:26]} {[%emt 00:00:09]} Kb7 {[%clk 00:33:26]} {[%emt 00:00:16]} 61.
Kd6 {[%clk 00:11:08]} {[%emt 00:01:13]} Kb6 {[%clk 00:33:26]} {[%emt 00:00:11]}
62. Rb2+ {[%emt 00:00:29]} Ka5 {[%clk 00:33:26]} 63. Kc5 {[%clk 00:11:08]}
{[%emt 00:00:23]} Ka4 {[%clk 00:33:26]} {[%emt 00:00:20]} 64. Rb8 {[%clk
00:11:08]} {[%emt 00:00:07]} Ka3 {[%clk 00:33:26]} {[%emt 00:00:13]} 65. Kc4
{[%clk 00:11:08]} {[%emt 00:00:09]} Ka2 {[%clk 00:33:26]} {[%emt 00:00:10]} 66.
Kc3 {[%clk 00:11:08]} {[%emt 00:00:03]} Ka1 {[%clk 00:33:26]} {[%emt 00:00:15]}
67. Kc2 {[%clk 00:11:08]} {[%emt 00:00:17]} Ka2 {[%clk 00:33:26]} {[%emt
00:00:19]} 68. Ra8# {[%clk 00:11:08]} 1-0